[Event "<1600, going for the better rating"]
[Site "SchemingMind.com"]
[Date "2010.04.05"]
[Round "-"]
[White "memet"]
[Black "lemmie"]
[Result "0-1"]
[WhiteCountry "TUR"]
[BlackCountry "NED"]
[WhiteElo "1571"]
[WhiteRD "69"]
[BlackElo "1619"]
[BlackRD "54"]
[GameID "244343"]

1. e4 e5 2. Nf3 Nc6 3. Bc4 Bc5 4. Nc3 d6 5. Na4 b6 6. Bd5 Bb7 7. d3 h6 8. O-O Rb8 9. Nxc5 bxc5 10. h3 Nce7
11. Be3 Bxd5 12. exd5 Nxd5 13. Re1 Ngf6 14. d4 cxd4 15. Bxd4 O-O 16. Bxa7 Rxb2 17. a4 Qa8 18. Be3 Qc6 19. a5 Ra8 20. a6 Rxa6
21. Rc1 Raa2 22. Re2 Nc3 23. Nxe5 Nxe2+ 24. Qxe2 dxe5 25. Qd3 Rxc2 26. Qd8+ Qe8 27. Qd1 Rxc1 28. Bxc1 e4 29. Be3 Qe5 30. Bd4 Qd6
31. Qb3 Re2 32. Bxf6 Re1#
0-1

[Event "<1600, going for the better rating"]
[Site "SchemingMind.com"]
[Date "2010.04.05"]
[Round "-"]
[White "lemmie"]
[Black "memet"]
[Result "1-0"]
[WhiteCountry "NED"]
[BlackCountry "TUR"]
[WhiteElo "1619"]
[WhiteRD "54"]
[BlackElo "1571"]
[BlackRD "69"]
[GameID "244345"]

1. e4 e5 2. Nf3 Nc6 3. Bc4 Nf6 4. Ng5 d5 5. exd5 Na5 6. Bb5+ c6 7. dxc6 bxc6 8. Be2 h6 9. Nf3 Bf5 10. Nc3 Bc5
11. d3 Ng4 12. O-O Qb6 13. Qe1 Bd6 14. h3 Nf6 15. Be3 Qxb2 16. Ne4 Bxe4 17. dxe4 Bb4 18. Bd2 Bxd2 19. Qxd2 Qa3 20. Nxe5 O-O
21. Bd3 Rad8 22. Qe3 Nd7 23. Nxd7 Rxd7 24. e5 Re7 25. Bh7+
1-0

[Event "<1600, going for the better rating"]
[Site "SchemingMind.com"]
[Date "2010.04.14"]
[Round "-"]
[White "Olli Ylönen"]
[Black "lemmie"]
[Result "0-1"]
[WhiteCountry "FIN"]
[BlackCountry "NED"]
[WhiteElo "1486"]
[WhiteRD "72"]
[BlackElo "1619"]
[BlackRD "54"]
[GameID "245425"]

1. e4 e5 2. Nf3 Nc6 3. Bb5 a6 4. Ba4 b5 5. Bb3 h6 6. d4 d6 7. dxe5 dxe5 8. Qxd8+ Nxd8 9. Bd5 Rb8 10. Nxe5 Bd6
11. Bc6+ Ke7 12. f4 Bxe5 13. Bxb5 Rxb5 14. fxe5 Rxe5 15. Nc3 Bb7 16. Bf4 Rc5 17. O-O-O Ne6 18. Be3 Rc6 19. e5 f6 20. Nd5+ Kf7
21. exf6 Nxf6 22. Nxf6 Kxf6 23. Rhf1+ Ke7 24. g3 Rd8 25. Rxd8 Kxd8 26. c3 Rd6 27. Bf4 Nxf4 28. Rxf4 Rf6 29. Rxf6 gxf6 30. Kd2 Ke7
31. Ke3 Ke6 32. Kf4 h5 33. h3 Bc8 34. g4 hxg4 35. hxg4 Kd5 36. g5 fxg5+ 37. Kxg5 Kc4 38. Kf4 Kd3 39. Ke5 Kc2 40. Kd5 Bd7
41. Kc5 Kxb2 42. Kb4 Kxa2 43. c4 Bc6 44. Ka5 Bb7 45. Kb4 Bc6 46. Ka5 Kb3 47. Kxa6 Kxc4 48. Ka7 Bh1 49. Kb8 c5
0-1

[Event "<1600, going for the better rating"]
[Site "SchemingMind.com"]
[Date "2010.04.14"]
[Round "-"]
[White "Olli Ylönen"]
[Black "memet"]
[Result "0-1"]
[WhiteCountry "FIN"]
[BlackCountry "TUR"]
[WhiteElo "1507"]
[WhiteRD "57"]
[BlackElo "1641"]
[BlackRD "65"]
[GameID "245426"]

1. e4 c5 2. c3 e5 3. Nf3 Nc6 4. d4 cxd4 5. cxd4 Bb4+ 6. Nc3 Nf6 7. Bg5 exd4 8. Nxd4 O-O 9. Qd3 Qa5 10. Bxf6 gxf6
11. a3 Bxc3+ 12. Qxc3 Re8 13. Bd3 d5 14. Qxa5 Nxa5 15. f3 f5 16. O-O fxe4 17. fxe4 dxe4 18. Rfe1 Bf5 19. Nxf5 exd3 20. Nd6 Red8
21. Ne4 Nb3 22. Rad1 f5 23. Ng3 Rd5 24. Nxf5 Rxf5 25. Rxd3 Nc5 26. Rde3 Raf8 27. b4 Na4 28. Re8 Rxe8 29. Rxe8+ Kf7 30. Re2 Rd5
31. g4 Nc3 32. Rf2+ Kg6 33. Kg2 Rd4 34. Kh3 Rd3+ 35. Kh4 Ne4 36. Rf5 h6 37. Rf4 Ng5
0-1

[Event "<1600, going for the better rating"]
[Site "SchemingMind.com"]
[Date "2010.04.14"]
[Round "-"]
[White "lemmie"]
[Black "Olli Ylönen"]
[Result "1-0"]
[WhiteCountry "NED"]
[BlackCountry "FIN"]
[WhiteElo "1577"]
[WhiteRD "55"]
[BlackElo "1389"]
[BlackRD "103"]
[GameID "245428"]

1. e4 e5 2. Nf3 Nf6 3. Nc3 Nc6 4. d4 Bb4 5. Nxe5 Bxc3+ 6. bxc3 Nxe5 7. dxe5 Nxe4 8. Qd4 d5 9. c4 Be6 10. cxd5 Qxd5
11. Qxd5 Bxd5 12. Bd3 f6 13. exf6 Nxf6 14. O-O O-O 15. Bb2 Ne4 16. a4 Rfe8 17. Rad1 Nc5 18. Bb5 c6 19. Rxd5 cxd5 20. Bxe8 Rxe8
21. a5 Re2 22. Ba3 Rxc2 23. g3 b6 24. axb6 axb6 25. Rb1 Nd3 26. Rb3 Nxf2 27. Rf3 Nh3+ 28. Kf1 Rxh2 29. Rf8#
1-0

[Event "<1600, going for the better rating"]
[Site "SchemingMind.com"]
[Date "2010.04.15"]
[Round "-"]
[White "memet"]
[Black "Olli Ylönen"]
[Result "1-0"]
[WhiteCountry "TUR"]
[BlackCountry "FIN"]
[WhiteElo "1641"]
[WhiteRD "65"]
[BlackElo "1507"]
[BlackRD "57"]
[GameID "245429"]

1. d4 d5 2. g3 Nc6 3. Bg2 Nf6 4. Bg5 g6 5. Bxf6 exf6 6. Nf3 Bg7 7. O-O O-O 8. Re1 f5 9. Nc3 Be6 10. h4 Re8
11. Ng5 Bh6 12. Nxe6 fxe6 13. Na4 Qf6 14. c3 Na5 15. b3 c6 16. Nc5 e5 17. Nd7 Qd6 18. Nxe5 Bg7 19. b4 Bxe5 20. dxe5 Qxe5
21. bxa5 Qxc3 22. Qb3 Qxa5 23. Qxb7 Qb6 24. Rab1 Qxb7 25. Rxb7 Reb8 26. Reb1 Rxb7 27. Rxb7 a5 28. Bf3 Rf8 29. Ra7
1-0

[Event "<1600, going for the better rating"]
[Site "SchemingMind.com"]
[Date "2010.04.15"]
[Round "-"]
[White "kwabena"]
[Black "lemmie"]
[Result "0-1"]
[WhiteCountry "ENG"]
[BlackCountry "NED"]
[WhiteElo "1468"]
[WhiteRD "72"]
[BlackElo "1619"]
[BlackRD "54"]
[GameID "245480"]

1. d4 d5 2. Nc3 Nf6 3. Bg5 e6 4. Nf3 Be7 5. Bf4 Bb4 6. a3 Ba5 7. b4 Bb6 8. h3 a6 9. e3 Nc6 10. Na4 Ba7
11. c4 dxc4 12. Nc3 Bd7 13. Bxc4 b5 14. Be2 Ne7 15. Rc1 Ned5 16. Bh2 Nxc3 17. Rxc3 O-O 18. Bxc7 Qe7 19. Bh2 Nd5 20. Rc2 h6
21. Ne5 Rfd8 22. O-O Be8 23. Bf3 Rac8 24. Qe2 Rxc2 25. Qxc2 f6 26. Nd3 Bb8 27. Bxb8 Rxb8 28. Nc5 Rc8 29. Qb3 Bf7 30. Nxa6 Nb6
31. Nc5 e5 32. Qd3 Bc4 33. Qf5 Bxf1 34. Kxf1 exd4 35. exd4 Rb8 36. Na6 Re8 37. g3 Nc4 38. Qxb5 Nd2+ 39. Kg2 Nxf3 40. Qd5+ Kh8
41. Qxf3 Qa7 42. Qd3 Re1 43. a4 Qd7 44. Nc5 Qd5+ 45. f3 Qa2+
0-1

[Event "<1600, going for the better rating"]
[Site "SchemingMind.com"]
[Date "2010.04.15"]
[Round "-"]
[White "kwabena"]
[Black "memet"]
[Result "0-1"]
[WhiteCountry "ENG"]
[BlackCountry "TUR"]
[WhiteElo "1468"]
[WhiteRD "72"]
[BlackElo "1571"]
[BlackRD "69"]
[GameID "245481"]

1. d4 d5 2. Nc3 Nf6 3. Bg5 e6 4. e3 Be7 5. Bf4 a6 6. Nf3 c5 7. Na4 cxd4 8. Nxd4 Bd6 9. Bxd6 Qxd6 10. a3 Nc6
11. c4 Nxd4 12. Qxd4 O-O 13. cxd5 b5 14. Nb6 Rb8 15. Nxc8 Rfxc8 16. Be2 Rc2 17. dxe6 Qxe6 18. Bd3 Rc7 19. O-O Qb3 20. Rfd1 Rbc8
21. g3 Rd7 22. Qc3 Rxc3 23. bxc3 Qxc3 24. Be2 Rxd1+ 25. Rxd1 g6 26. a4 bxa4 27. Bxa6 a3 28. Rd3 Qxd3 29. Bxd3 a2
0-1

[Event "<1600, going for the better rating"]
[Site "SchemingMind.com"]
[Date "2010.04.15"]
[Round "-"]
[White "kwabena"]
[Black "Olli Ylönen"]
[Result "0-1"]
[WhiteCountry "ENG"]
[BlackCountry "FIN"]
[WhiteElo "1503"]
[WhiteRD "73"]
[BlackElo "1389"]
[BlackRD "103"]
[GameID "245482"]

1. d4 d5 2. Nc3 Nc6 3. h3 Nf6 4. Bg5 e6 5. Nf3 Bd7 6. e3 g6 7. Bf4 Bg7 8. Nb5 Rc8 9. Nxc7+ Rxc7 10. Bxc7 Qxc7
11. a3 O-O 12. c4 e5 13. cxd5 Nxd5 14. Rc1 exd4 15. Nxd4 Bxd4 16. exd4 Re8+ 17. Be2 Nf4 18. Kf1 Nxe2 19. Rc2 Nexd4 20. Rc3 Nb5
21. Rc5 Re5 22. Rc4 Qd6 23. Qc1 Ne7 24. h4 Nd4 25. h5 Bb5 26. Kg1 Ne2+ 27. Kh2 Rxh5#
0-1

[Event "<1600, going for the better rating"]
[Site "SchemingMind.com"]
[Date "2010.04.15"]
[Round "-"]
[White "lemmie"]
[Black "kwabena"]
[Result "1-0"]
[WhiteCountry "NED"]
[BlackCountry "ENG"]
[WhiteElo "1577"]
[WhiteRD "55"]
[BlackElo "1503"]
[BlackRD "73"]
[GameID "245484"]

1. e4 d5 2. exd5 Qxd5 3. Nc3 Qa5 4. d4 h6 5. Bd2 Qb6 6. Nf3 Bf5 7. b3 e6 8. Be2 Nf6 9. O-O c5 10. Be3 Qc7
11. Na4 Nd5 12. dxc5 Nxe3 13. fxe3 Bxc5 14. Nxc5 Qxc5 15. Nd4 Bg6 16. Bd3 Bxd3 17. Qxd3 a6 18. Rac1 O-O 19. Rf3 Nc6 20. Rg3 Rad8
21. c3 e5 22. Qf5 Rfe8 23. Qh5 Kf8 24. Rf1 f6 25. Nf5 Rd7 26. Nxh6 Qxc3 27. Nf5 Ne7 28. Nxe7 Rexe7 29. Qh8+ Kf7 30. Qxg7+ Ke6
31. Qxf6+ Kd5 32. e4+
1-0

[Event "<1600, going for the better rating"]
[Site "SchemingMind.com"]
[Date "2010.04.15"]
[Round "-"]
[White "memet"]
[Black "kwabena"]
[Result "1-0"]
[WhiteCountry "TUR"]
[BlackCountry "ENG"]
[WhiteElo "1571"]
[WhiteRD "69"]
[BlackElo "1468"]
[BlackRD "72"]
[GameID "245485"]

1. d4 d5 2. g3 Nc6 3. Nf3 Bg4 4. Bg2 e6 5. Bf4 Nf6 6. Nc3 Bf5 7. O-O Nb4 8. e4 Nxe4 9. Nh4 Nxc3 10. bxc3 Nxc2
11. Rc1 Na3 12. Nxf5 exf5 13. Re1+ Be7 14. Qa4+ c6 15. Qxa3 Kf8 16. Qb2 Qc8 17. Re2 Qd7 18. Rce1 Bf6 19. Qb4+ Kg8 20. Qxb7
1-0

[Event "<1600, going for the better rating"]
[Site "SchemingMind.com"]
[Date "2010.04.15"]
[Round "-"]
[White "Olli Ylönen"]
[Black "kwabena"]
[Result "1/2-1/2"]
[WhiteCountry "FIN"]
[BlackCountry "ENG"]
[WhiteElo "1486"]
[WhiteRD "72"]
[BlackElo "1468"]
[BlackRD "72"]
[GameID "245486"]

1. e4 d5 2. exd5 Qxd5 3. Nc3 Qa5 4. d3 e6 5. Nf3 a6 6. Bd2 Qb6 7. Qc1 h6 8. g3 Nc6 9. Bg2 Nf6 10. O-O Bc5
11. Be3 Bxe3 12. fxe3 Ng4 13. d4 Nb4 14. Re1 c5 15. a3 Nc6 16. Ne2 O-O 17. c3 cxd4 18. cxd4 Bd7 19. b4 Rac8 20. Qd2 Rfd8
21. Rac1 Nf6 22. Qd3 Ne7 23. Nc3 Qa7 24. e4 Bc6 25. e5 Ng4 26. h3 Bxf3 27. Qxf3 Nxe5 28. Qxb7 Qxd4+ 29. Kh1 N7g6 30. Ne2 Qf2
31. Rxc8 Qxe1+ 32. Ng1 Rxc8 33. Qxc8+ Nf8 34. Kh2 Qe3 35. Qxa6 Nfd7 36. a4 Qb6 37. Qxb6 Nxb6 38. a5 Nc8 39. a6 Na7 40. Ne2 Kf8
41. Nd4 Ke8 42. b5 Nc4 43. Bc6+= Kd8 44. Kg2 Kc7 45. Be8 Nd6 46. Bxf7 Nxf7 47. Nxe6+ Kb6 48. Nxg7 Kxb5 49. Kf3 Kxa6 50. Kf4 Nc6
51. Kf5 Nfe5 52. g4 Kb6 53. g5 hxg5 54. Kxg5 Kc7 55. h4 Nf3+ 56. Kg4 Nxh4=
1/2-1/2

[Event "<1600, going for the better rating"]
[Site "SchemingMind.com"]
[Date "2010.04.19"]
[Round "-"]
[White "cool_dude"]
[Black "kwabena"]
[Result "0-1"]
[WhiteCountry "GBR"]
[BlackCountry "ENG"]
[WhiteElo "1260"]
[WhiteRD "80"]
[BlackElo "1489"]
[BlackRD "74"]
[GameID "245951"]

1. d4 d5 2. c4 c6 3. Nc3 dxc4 4. e4 b5 5. a4 Qb6 6. d5 Bb7 7. Be3 Qc7 8. axb5 cxd5 9. exd5 Nf6 10. b6 axb6
11. Rxa8 Bxa8 12. Qa4+ Bc6 13. dxc6 Nxc6 14. Bxc4 Nd7 15. Nf3 e6 16. Bb5 Ncb8 17. Bf4 Bd6 18. Bxd6 Qxd6 19. O-O O-O 20. Rd1 Qc7
0-1

[Event "<1600, going for the better rating"]
[Site "SchemingMind.com"]
[Date "2010.04.21"]
[Round "-"]
[White "cool_dude"]
[Black "memet"]
[Result "0-1"]
[WhiteCountry "GBR"]
[BlackCountry "TUR"]
[WhiteElo "1260"]
[WhiteRD "80"]
[BlackElo "1641"]
[BlackRD "65"]
[GameID "245953"]

1. d4 Nf6 2. c4 e6 3. Nc3 d5 4. Bg5 Be7 5. Nf3 c5 6. cxd5 Nxd5 7. Bxe7 Qxe7 8. Rc1 b6 9. e4 Nxc3 10. Rxc3 Ba6
11. Bxa6 Nxa6 12. Qa4+ Qd7
0-1

[Event "<1600, going for the better rating"]
[Site "SchemingMind.com"]
[Date "2010.04.20"]
[Round "-"]
[White "cool_dude"]
[Black "Olli Ylönen"]
[Result "0-1"]
[WhiteCountry "GBR"]
[BlackCountry "FIN"]
[WhiteElo "1260"]
[WhiteRD "80"]
[BlackElo "1507"]
[BlackRD "57"]
[GameID "245954"]

1. d4 d5 2. c4 dxc4 3. e4 Nc6 4. d5 Ne5 5. f4 Ng6 6. Bxc4 e6 7. Nc3 Bc5 8. Nf3 Nf6 9. b4 Bxb4 10. Qa4+ Qd7
11. Qxb4 exd5 12. exd5 Qe7+
0-1

[Event "<1600, going for the better rating"]
[Site "SchemingMind.com"]
[Date "2010.04.19"]
[Round "-"]
[White "kwabena"]
[Black "cool_dude"]
[Result "1-0"]
[WhiteCountry "ENG"]
[BlackCountry "GBR"]
[WhiteElo "1489"]
[WhiteRD "74"]
[BlackElo "1260"]
[BlackRD "80"]
[GameID "245956"]

1. d4 f5 2. Bf4 e6 3. e3 Nf6 4. h3 c5 5. c3 cxd4 6. cxd4 Bb4+ 7. Nd2 Ne4 8. Nf3 g5 9. Be5 Rf8 10. a3 Bxd2+
11. Nxd2 Qb6 12. b4 Nc6 13. Nc4 Qd8 14. Bh2 d5 15. Nd2 Nxd2 16. Qxd2 Bd7 17. Be2 Qe7 18. O-O O-O-O 19. Rac1 a6 20. a4 g4
21. hxg4
1-0

[Event "<1600, going for the better rating"]
[Site "SchemingMind.com"]
[Date "2010.04.22"]
[Round "-"]
[White "memet"]
[Black "cool_dude"]
[Result "1-0"]
[WhiteCountry "TUR"]
[BlackCountry "GBR"]
[WhiteElo "1641"]
[WhiteRD "65"]
[BlackElo "1260"]
[BlackRD "80"]
[GameID "245958"]

1. d4 d5 2. Bf4 c5 3. c3 Nc6 4. Nf3 e6 5. e4 dxe4 6. Ng5 cxd4 7. Bb5 Nf6 8. Qa4 Bd7 9. Na3 Bxa3 10. bxa3 d3
11. O-O
1-0

[Event "<1600, going for the better rating"]
[Site "SchemingMind.com"]
[Date "2010.04.21"]
[Round "-"]
[White "Olli Ylönen"]
[Black "cool_dude"]
[Result "1-0"]
[WhiteCountry "FIN"]
[BlackCountry "GBR"]
[WhiteElo "1507"]
[WhiteRD "57"]
[BlackElo "1260"]
[BlackRD "80"]
[GameID "245959"]

1. Nf3 d5 2. c4 Nf6 3. cxd5 Nxd5 4. d4 e6 5. e4 Bb4+ 6. Bd2 Bxd2+ 7. Qxd2 Nf6 8. Nc3 O-O 9. Bd3 Nc6 10. e5 Nd5
11. Nxd5 Qxd5 12. Qf4 Ne7 13. Qh4
1-0

[Event "<1600, going for the better rating"]
[Site "SchemingMind.com"]
[Date "2010.04.21"]
[Round "-"]
[White "lumamo"]
[Black "cool_dude"]
[Result "1-0"]
[WhiteCountry "ESP"]
[BlackCountry "GBR"]
[WhiteElo "1523"]
[WhiteRD "81"]
[BlackElo "1260"]
[BlackRD "80"]
[GameID "246021"]

1. e4 e5 2. f4 d5 3. exd5 Qxd5 4. Nc3 Qe6 5. fxe5 Qxe5+ 6. Be2 Bg4 7. h3 Qg3+ 8. Kf1 Bc5 9. Ne4 Qf4+ 10. Bf3 f5
11. d4
1-0

[Event "<1600, going for the better rating"]
[Site "SchemingMind.com"]
[Date "2010.04.20"]
[Round "-"]
[White "lumamo"]
[Black "kwabena"]
[Result "1-0"]
[WhiteCountry "ESP"]
[BlackCountry "ENG"]
[WhiteElo "1513"]
[WhiteRD "95"]
[BlackElo "1503"]
[BlackRD "73"]
[GameID "246022"]

1. e4 d5 2. e5 a6 3. f4 Bf5 4. d4 e6 5. Nf3 c5 6. Be2 Nc6 7. c3 Qb6 8. O-O Nge7 9. Rf2 Ng6 10. Qb3 Qc7
11. Nbd2 Nxf4 12. Bf1 Bd3 13. Ng5 Bxf1 14. Rxf4 Be2 15. Rxf7 Ne7 16. Nxe6 Qc6 17. Rxf8+ Rxf8 18. Nxf8 Kxf8 19. Qc2 cxd4 20. Nb3 Bh5
21. Qxh7 Bg6 22. Qh8+ Ng8 23. Nxd4 Qc7 24. Ne6+
1-0

[Event "<1600, going for the better rating"]
[Site "SchemingMind.com"]
[Date "2010.04.20"]
[Round "-"]
[White "lumamo"]
[Black "lemmie"]
[Result "0-1"]
[WhiteCountry "ESP"]
[BlackCountry "NED"]
[WhiteElo "1551"]
[WhiteRD "88"]
[BlackElo "1619"]
[BlackRD "54"]
[GameID "246023"]

1. e4 e5 2. f4 exf4 3. Nf3 g5 4. h3 Nc6 5. d4 d6 6. Nc3 Be7 7. Bb5 Bd7 8. a4 a6 9. Bxc6 Bxc6 10. Nd5 h6
11. Nxe7 Nxe7 12. e5 dxe5 13. Nxe5 Bxg2 14. Qh5 Qd5 15. Rg1 Be4 16. Rxg5 O-O-O 17. Nxf7 hxg5 18. Nxh8 Qxd4 19. Nf7 Qg1+ 20. Ke2 Qd1+
21. Kf2 Qxh5 22. Nxd8 Kxd8 23. c3 Qxh3 24. Ke1 Bd3 25. Ra3 Qf1+ 26. Kd2 Qe2#
0-1

[Event "<1600, going for the better rating"]
[Site "SchemingMind.com"]
[Date "2010.04.21"]
[Round "-"]
[White "lumamo"]
[Black "memet"]
[Result "0-1"]
[WhiteCountry "ESP"]
[BlackCountry "TUR"]
[WhiteElo "1511"]
[WhiteRD "85"]
[BlackElo "1617"]
[BlackRD "62"]
[GameID "246024"]

1. e4 c5 2. f4 Nc6 3. Nf3 g6 4. d4 cxd4 5. Nxd4 Bg7 6. Nxc6 bxc6 7. Be2 Qb6 8. c3 Ba6 9. Bg4 e6 10. Be2 Ne7
11. Na3 O-O 12. Nc4 Qc5 13. Be3 Qb5 14. Ne5 Qb7 15. Bxa6 Qxa6 16. Qxd7 Bxe5 17. fxe5 Rfe8 18. Qd6 Rad8 19. Qc5 Qd3 20. Bd4 Qxe4+
21. Kf1 Qf4+ 22. Bf2 Rd2 23. b3 Nd5 24. c4 Qxe5 25. Re1 Qb2 26. cxd5 cxd5 27. g3 d4 28. Bg1 Qxa2 29. h4 Qxb3 30. Rh2 Qd3+
31. Ree2 Rb8 32. Qe5 Rb1+ 33. Kf2 Qe3+ 34. Qxe3 dxe3+ 35. Kxe3 Rxe2+ 36. Rxe2 Rxg1 37. Kf3 Ra1 38. Rb2 Kg7 39. Kf4 a5 40. Kg5 Ra4
41. h5 h6#
0-1

[Event "<1600, going for the better rating"]
[Site "SchemingMind.com"]
[Date "2010.04.20"]
[Round "-"]
[White "lumamo"]
[Black "Olli Ylönen"]
[Result "1-0"]
[WhiteCountry "ESP"]
[BlackCountry "FIN"]
[WhiteElo "1523"]
[WhiteRD "81"]
[BlackElo "1507"]
[BlackRD "57"]
[GameID "246025"]

1. e4 c6 2. f4 d5 3. e5 e6 4. Nf3 f6 5. Nc3 fxe5 6. fxe5 Bb4 7. a3 Bxc3 8. bxc3 Nd7 9. d4 b5 10. a4 Qa5
11. Bd2 bxa4 12. c4 Qd8 13. c5 a5 14. c4 dxc4 15. Qxa4 Ne7 16. Bxa5 Rxa5 17. Qxa5 Qxa5+ 18. Rxa5 c3 19. Bd3 O-O 20. O-O Nf5
21. Ng5 g6 22. Nxe6 Ne3 23. Rxf8+ Nxf8 24. Nxf8 c2 25. Bxc2 Nxc2 26. Ra8
1-0

[Event "<1600, going for the better rating"]
[Site "SchemingMind.com"]
[Date "2010.04.21"]
[Round "-"]
[White "cool_dude"]
[Black "lumamo"]
[Result "0-1"]
[WhiteCountry "GBR"]
[BlackCountry "ESP"]
[WhiteElo "1260"]
[WhiteRD "80"]
[BlackElo "1523"]
[BlackRD "81"]
[GameID "246027"]

1. d4 Nf6 2. c4 d5 3. Nc3 dxc4 4. e4 e5 5. d5 Bc5 6. h3 b5 7. Nxb5 Nxe4 8. Be3 Bxe3 9. fxe3 c6 10. Qf3 cxb5
0-1

[Event "<1600, going for the better rating"]
[Site "SchemingMind.com"]
[Date "2010.04.20"]
[Round "-"]
[White "kwabena"]
[Black "lumamo"]
[Result "0-1"]
[WhiteCountry "ENG"]
[BlackCountry "ESP"]
[WhiteElo "1503"]
[WhiteRD "73"]
[BlackElo "1513"]
[BlackRD "95"]
[GameID "246028"]

1. d4 d5 2. Nc3 Nf6 3. h3 Bf5 4. Bf4 h6 5. e3 e6 6. Nb5 a6 7. Nxc7+ Kd7 8. Nxa8 Bd6 9. Bxd6 Kxd6 10. c4 dxc4
11. Bxc4 b5 12. Be2 Nc6 13. Bf3 Qxa8 14. Rc1 Be4 15. Qb3 Bd5 16. Qa3+ b4 17. Qa4 Bxf3 18. Nxf3 a5 19. Rxc6+ Qxc6 20. O-O Qxa4
21. Ra1 Qc2
0-1

[Event "<1600, going for the better rating"]
[Site "SchemingMind.com"]
[Date "2010.04.24"]
[Round "-"]
[White "lemmie"]
[Black "lumamo"]
[Result "1-0"]
[WhiteCountry "NED"]
[BlackCountry "ESP"]
[WhiteElo "1688"]
[WhiteRD "55"]
[BlackElo "1523"]
[BlackRD "81"]
[GameID "246029"]

1. e4 e5 2. Nf3 Nc6 3. Bc4 h6 4. d4 exd4 5. Nxd4 Bc5 6. Nxc6 bxc6 7. Qf3 Qf6 8. Nd2 Qxf3 9. Nxf3 Nf6 10. a3 Nxe4
11. O-O d5 12. Bd3 f5 13. Bf4 Bb6 14. Rfe1 Bxf2+ 15. Kf1 Bxe1 16. Rxe1 Rb8 17. Bxc7 Rxb2 18. Be5 Ra2 19. Bxg7 Rh7 20. Bd4 Rxa3
21. Ne5 c5 22. Bxc5 Ra2 23. Nc6 Rc7 24. Nb4 Rb2 25. Bd6 Rf7 26. Nxd5 Kd7 27. Bf4 h5 28. Ne3 Ra2 29. Nc4 Rf6 30. Ne5+ Ke8
31. Ke2 Ba6 32. Kf3 Bb7 33. Ke3 Ra3 34. Rb1 Ba6 35. Rb8+ Ke7 36. Rh8 Bxd3 37. cxd3 Rd6 38. Rxh5 Nc5 39. Rh7+ Ke6 40. Rh6+ Kd5
41. Rxd6+ Kxd6 42. Nc4+ Kc6 43. Nxa3 a6 44. h4 Ne6 45. Nc4 Kb5 46. h5 a5 47. h6 Nf8 48. Bd6 Nh7 49. Kf4 a4 50. Kxf5
1-0

[Event "<1600, going for the better rating"]
[Site "SchemingMind.com"]
[Date "2010.04.21"]
[Round "-"]
[White "memet"]
[Black "lumamo"]
[Result "1-0"]
[WhiteCountry "TUR"]
[BlackCountry "ESP"]
[WhiteElo "1641"]
[WhiteRD "65"]
[BlackElo "1523"]
[BlackRD "81"]
[GameID "246030"]

1. d4 Nf6 2. Nc3 d5 3. Bf4 a6 4. g3 h6 5. Bg2 e6 6. Nf3 Bb4 7. O-O Bxc3 8. bxc3 g5 9. Be5 Nc6 10. Qd3 Nxe5
11. Nxe5 Qd6 12. Rae1 c5 13. e4 c4 14. Qf3 Qe7 15. exd5 Nxd5 16. Nxc4 b5 17. Ne5 Qc7 18. Qh5 Nxc3 19. Bxa8 O-O 20. Qxh6 f6
21. Ng6 Qg7 22. Qxg7+ Kxg7 23. Nxf8 Kxf8 24. a3 f5 25. Re3 Ne4 26. Bxe4 fxe4 27. Rxe4 Ke7 28. d5
1-0

[Event "<1600, going for the better rating"]
[Site "SchemingMind.com"]
[Date "2010.04.20"]
[Round "-"]
[White "Olli Ylönen"]
[Black "lumamo"]
[Result "1-0"]
[WhiteCountry "FIN"]
[BlackCountry "ESP"]
[WhiteElo "1507"]
[WhiteRD "57"]
[BlackElo "1523"]
[BlackRD "81"]
[GameID "246031"]

1. Nf3 d5 2. c4 dxc4 3. Na3 Qd5 4. Qa4+ Nc6 5. Qxc4 Nf6 6. Qxd5 Nxd5 7. e4 Nf4 8. d4 Nb4 9. Bxf4 Bg4 10. Bxc7 Bxf3
11. Bb5+ Nc6 12. Bxc6+ bxc6 13. gxf3 e6 14. Nc4 Bb4+ 15. Ke2 O-O 16. a3 Be7 17. Bd6 Bxd6 18. Nxd6 Rfd8 19. e5 a5 20. b4 a4
21. Rac1 Ra6 22. Ke3 f5 23. f4 Rd7 24. h4 h5 25. Rhg1 Kh7 26. Rg5 g6 27. Rcg1 Rg7 28. Ne8 Raa7 29. Nxg7 Rxg7 30. Kd3 Kh6
31. Kc4 Kh7 32. Kc5
1-0

[Event "<1600, going for the better rating"]
[Site "SchemingMind.com"]
[Date "2010.04.21"]
[Round "-"]
[White "Mitch The Man"]
[Black "cool_dude"]
[Result "1-0"]
[WhiteCountry "USA"]
[BlackCountry "GBR"]
[WhiteElo "1433"]
[WhiteRD "61"]
[BlackElo "1260"]
[BlackRD "80"]
[GameID "246146"]

1. e4 d6 2. d4 f5 3. Bc4 g6 4. Bxg8 Rxg8 5. Nc3 Bg7 6. Nf3 e6 7. Bg5 Bf6 8. Bxf6 Qxf6 9. O-O Nc6 10. e5 dxe5
11. d5 Nd4 12. Nxd4 exd4 13. Nb5 Qf7 14. Nxd4 e5 15. Nb5 a6 16. Nc3 Bd7 17. a4 O-O-O 18. f3 f4 19. Re1
1-0

[Event "<1600, going for the better rating"]
[Site "SchemingMind.com"]
[Date "2010.04.21"]
[Round "-"]
[White "Mitch The Man"]
[Black "kwabena"]
[Result "1-0"]
[WhiteCountry "USA"]
[BlackCountry "ENG"]
[WhiteElo "1434"]
[WhiteRD "64"]
[BlackElo "1503"]
[BlackRD "73"]
[GameID "246147"]

1. e4 d5 2. e5 a6 3. d4 Bf5 4. Bd3 Bxd3 5. Qxd3 e6 6. Ne2 c5 7. O-O Nc6 8. a3 Qb6 9. c3 c4 10. Qf3 Nge7
11. Nd2 Ng6 12. Ra2 Be7 13. Nf4 Nxf4 14. Qxf4 O-O 15. Qf3 Rfc8 16. Qd1 Bg5 17. f4 Be7 18. g3 f6 19. exf6 Bxf6 20. Qg4 Re8
21. Re1 e5 22. fxe5 Nxe5 23. Qh3 Nd3 24. Rxe8+ Rxe8 25. Qd7 Re1+ 26. Kg2 Rxc1 27. Qe8#
1-0

[Event "<1600, going for the better rating"]
[Site "SchemingMind.com"]
[Date "2010.04.26"]
[Round "-"]
[White "Mitch The Man"]
[Black "lemmie"]
[Result "0-1"]
[WhiteCountry "USA"]
[BlackCountry "NED"]
[WhiteElo "1437"]
[WhiteRD "60"]
[BlackElo "1619"]
[BlackRD "54"]
[GameID "246148"]

1. e4 e5 2. Nf3 Nc6 3. c3 Bc5 4. Be2 Nf6 5. O-O d6 6. d3 a6 7. b4 Ba7 8. Bg5 O-O 9. Nbd2 h6 10. Bxf6 Qxf6
11. a4 Bd7 12. Ra3 Ne7 13. h3 c5 14. bxc5 Bxc5 15. Ra1 Bc6 16. Nb3 Ba7 17. Na5 Qg6 18. Nxc6 Nxc6 19. Nh4 Qf6 20. Nf5 Ne7
21. Nxe7+ Qxe7 22. Kh1 Qg5 23. d4 exd4 24. cxd4 Rfe8 25. Rb1 Rab8 26. Bf3 Qf6 27. Rb4 a5 28. Rc4 Red8 29. d5 Qb2 30. Qe1 Bc5
31. Kg1 b5 32. axb5 Qxb5 33. Be2 Qb6 34. g3 Qa7 35. Ra4 Rb4 36. Qd1 Re8 37. Bd3 Rb2 38. Be2 f5 39. Kg2 fxe4 40. h4 e3
41. f4 Rd2 42. f5 Rxd1 43. Rxd1 Bb4 44. Kf3 Qe7 45. Kg2 Qe4+ 46. Bf3 Qc2+
0-1